Marvel Villains Starting with C (by picture) - Statistics

General Stats
  • This quiz has been taken 93 times
  • The average score is 12 of 26
Answer Stats
Picture Answer % Correct
Carnage
95%
Crossbones
88%
Chameleon
78%
Collector
76%
Cobra
69%
Corvus Glaive
64%
Crimson Dynamo
62%
Constrictor
55%
Crossfire
48%
Cottonmouth
47%
Count Nefaria
47%
Cyclone
45%
Cardiac
41%
Cancer
40%
Cat-Man
36%
Copperhead
36%
Cyber
36%
Crime-Master
34%
Capricorn
33%
Carrion
33%
Chance
22%
Controller
22%
Catseye
16%
Chemistro
16%
Clash
14%
Corruptor
9%
No matching quizzes found
Score Distribution
Percent of People with Each Score
Percentile by Number Answered
Your Score History
You have not taken this quiz